000 00320nam a22001217a 4500
999 _c13676
_d13676
020 _a9781292349428
082 _a378
100 _aJonathan Grant
245 _aThe new Power University
_bThe social purpose of higher education in the 21st century
260 _aUK
_bPearson
_c2021
300 _axv, 231 pages
942 _cBK